| 000 | 00443nam a2200145 i 4500 | ||
|---|---|---|---|
| 001 | 64260 | ||
| 003 | ES-MaACL | ||
| 007 | t| | ||
| 008 | 031223s1975 sp ||||1| spa d | ||
| 100 | 1 |
_aFlores, Juan José. _951262 |
|
| 245 | 1 | 0 |
_aPrácticas de electricidad _b: formación profesional : primer curso / _cJuan José Flores. |
| 260 |
_aMadrid : _bParaninfo, _c1975. |
||
| 300 |
_a74 p. : _bil. ; _c24 cm. |
||
| 852 |
_aES-MaACL _jE-9112 _bR.93427 |
||
| 999 |
_c64260 _d64260 |
||